Grievance arbitration : (Record no. 8390)

MARC details
000 -LEADER
fixed length control field 00864pam a2200169 a 4500
020 ## - INTERNATIONAL STANDARD BOOK NUMBER
ISBN 0669194581 (alk. paper)
050 00 - CALL NUMBER
Classification number KF3424
Item number .Za1
100 1# - AUTHOR
Personal name Zack, Arnold.
245 10 - TITLE
Title Grievance arbitration :
Remainder of title issues on the merits in discipline, discharge, and contract interpretation /
Statement of responsibility, etc Arnold M. Zack.
260 ## - PUBLICATION INFORMATION
Place of publication New York, N.Y. :
Name of publisher American Arbitration Association ;
Place of publication Lexington, Mass. :
Name of publisher Lexington Books,
Year of publication c1989.
300 ## - DESCRIPTION
Number of Pages xiv, 291 p. ;
Dimensions 25 cm.
440 #0 - SERIES
SERIES Emerging issues in employee relations
500 ## - NOTES
General note Includes index.
505 ## - FORMATTED CONTENTS NOTE
Table of Content 1. Management Right <br/>2. Union Activities <br/>3. Discipline and Discharge <br/>4. Wages and Classifications<br/>5. Leaves and Other Benefits<br/>6. Hours and Schedules <br/>7. Holiday and Vacation<br/>8. Layoff<br/>9. Seniority<br/>10. Promotion<br/>11. Through the Grievance to Arbitration
650 #0 - SUBJECTS
Topical Term Grievance arbitration
942 ## - ADDED ENTRY ELEMENTS (KOHA)
Koha item type Books
Holdings
Withdrawn status Lost status Collection code Home library Current library Shelving location Date acquired Source of acquisition Full call number Accession Number Koha item type
    Reference Methodist University Library Main Methodist University Library Main General Stacks 14/09/2024 Donated by Professor Dr. Augustus Abbey and Family KF3424.Za1 8923 Books
Copyright © 2026  MUG Library